[Event "Ct. Lleida indiv. Absolut"]
[Site "Lleida"]
[Date "2013.10.27"]
[Round "4"]
[White "Campos Olaya, I."]
[Black "Arno Bendicho, A."]
[Result "1-0"]
[WhiteElo "2165"]
[BlackElo "1927"]
[PlyCount "65"]
[EventDate "2013.??.??"]
[EventType "swiss"]
[EventRounds "9"]

1. e4 c5 2. Nc3 Nc6 3. Bb5 d6 4. Bxc6+ bxc6 5. f4 g6 6. Nf3 Bg7 7. d3 Nf6 8.
O-O O-O 9. Kh1 d5 10. e5 Ne8 11. Qe1 Nc7 12. Na4 Ne6 13. Be3 d4 14. Bd2 Rb8 15.
b3 Qd5 16. Qh4 Rb7 17. f5 gxf5 18. Bh6 f6 19. Rae1 Kh8 20. Bxg7+ Nxg7 21. Nb2
Qf7 22. Nc4 Rc7 23. exf6 exf6 24. Nd6 Qg6 25. Qf2 Be6 26. Nh4 Qg5 27. Nhxf5 Bd5
28. Ne4 Qg6 29. Qf4 Rd7 30. Nh4 Qf7 31. Nxf6 Re7 32. Rxe7 Qxe7 33. Ng6+ 1-0

[Event "Ct. Lleida indiv. Absolut"]
[Site "Lleida"]
[Date "2013.10.27"]
[Round "4"]
[White "Cosialls Ris, R."]
[Black "Perez Cabas, J."]
[Result "0-1"]
[WhiteElo "1699"]
[BlackElo "2021"]
[PlyCount "88"]
[EventDate "2013.??.??"]
[EventType "swiss"]
[EventRounds "9"]

1. e4 c5 2. Nf3 e6 3. d4 cxd4 4. Nxd4 Nc6 5. Nc3 Nf6 6. Be2 Qc7 7. O-O a6 8.
Be3 Bb4 9. Na4 Be7 10. Nxc6 bxc6 11. Nb6 Rb8 12. Nxc8 Qxc8 13. Bd4 d5 14. Qd3
a5 15. Qg3 O-O 16. Bd3 Re8 17. e5 Nd7 18. b3 c5 19. Bc3 Qc7 20. f4 c4 21. Be2
Bb4 22. Bd4 Bc5 23. Qe3 cxb3 24. cxb3 Bxd4 25. Qxd4 Qc5 26. Qxc5 Nxc5 27. Rac1
Rbc8 28. Rc2 Ne4 29. Rfc1 Rxc2 30. Rxc2 f5 31. Bf3 d4 32. Bxe4 fxe4 33. Kf2 Rd8
34. a3 e3+ 35. Kf3 d3 36. Rc1 e2 37. Rb1 Rb8 38. Kf2 Kf7 39. Ke1 Kg6 40. g4 h5
41. h3 hxg4 42. hxg4 Rf8 43. Kd2 Rxf4 44. Kxd3 Rf1 0-1

[Event "Ct. Lleida indiv. Absolut"]
[Site "Lleida"]
[Date "2013.10.27"]
[Round "4"]
[White "Farre Selma, D."]
[Black "Quintas Galeano, L."]
[Result "0-1"]
[WhiteElo "1882"]
[BlackElo "2125"]
[PlyCount "64"]
[EventDate "2013.??.??"]
[EventType "swiss"]
[EventRounds "9"]

1. e4 e5 2. Nf3 Nc6 3. Bc4 Be7 4. d4 d6 5. dxe5 dxe5 6. Qxd8+ Bxd8 7. Ng5 Nh6
8. Nf3 Ng4 9. h3 Nf6 10. Nc3 O-O 11. O-O Nd4 12. Nxe5 Nxc2 13. Rb1 c6 14. Rd1
Bc7 15. Nxf7 Rxf7 16. a3 Bb6 17. Bxf7+ Kxf7 18. e5 Nd5 19. Na4 Bd4 20. g4 Bxe5
21. Nc5 h5 22. Nd3 Bc7 23. f3 hxg4 24. fxg4 Bb6+ 25. Kh2 Be6 26. Rf1+ Kg8 27.
Bg5 Nde3 28. Rf2 Bd5 29. Kg3 Be4 30. Ne1 Nxa3 31. Rc1 Nb5 32. Bxe3 Bxe3 0-1

[Event "Ct. Lleida indiv. Absolut"]
[Site "Lleida"]
[Date "2013.10.27"]
[Round "4"]
[White "Gutierrez Martos, FE."]
[Black "Trepat Herranz, J."]
[Result "1/2-1/2"]
[WhiteElo "2026"]
[BlackElo "2336"]
[PlyCount "87"]
[EventDate "2013.??.??"]
[EventType "swiss"]
[EventRounds "9"]

1. c4 e5 2. g3 Nc6 3. Bg2 g6 4. Nc3 Bg7 5. d3 d6 6. e4 Nge7 7. Nge2 h6 8. O-O
O-O 9. Be3 Nd4 10. Qd2 Kh7 11. f4 f5 12. Rf2 c6 13. Raf1 Be6 14. b4 Qd7 15. a4
Rad8 16. a5 Qc7 17. Qc1 fxe4 18. Nxe4 Nef5 19. Nxd4 exd4 20. Bd2 d5 21. Nc5 Qf7
22. Re1 Bc8 23. cxd5 cxd5 24. Rfe2 Rd6 25. b5 b6 26. Nb3 Rdd8 27. Bb4 Rfe8 28.
axb6 axb6 29. Qc6 Ne3 30. Qxb6 Bg4 31. Ra2 Rb8 32. Ra7 Rxb6 33. Rxf7 Rxb5 34.
Bc5 Kg8 35. Rxg7+ Kxg7 36. Bxd4+ Kh7 37. Nc5 Nf5 38. Rxe8 Nxd4 39. Re7+ Kg8 40.
Rc7 Rb1+ 41. Kf2 Rb2+ 42. Kg1 Rb1+ 43. Kf2 Rb2+ 44. Kg1 1/2-1/2

[Event "Ct. Lleida indiv. Absolut"]
[Site "Lleida"]
[Date "2013.10.27"]
[Round "4"]
[White "Lara Dieguez, F."]
[Black "Pareja Guerrero, FJ."]
[Result "1/2-1/2"]
[WhiteElo "1926"]
[BlackElo "1683"]
[PlyCount "79"]
[EventDate "2013.??.??"]
[EventType "swiss"]
[EventRounds "9"]

1. b3 d5 2. Bb2 e6 3. e3 Nf6 4. f4 Ne4 5. Nf3 Nd7 6. Nc3 Ndf6 7. Ne5 Nxc3 8.
Bxc3 c6 9. Bd3 h5 10. Bb2 g6 11. Qf3 Rg8 12. h3 Bd6 13. Rf1 Qe7 14. a4 Bd7 15.
g4 hxg4 16. hxg4 O-O-O 17. g5 Nh5 18. O-O-O Ba3 19. e4 Bxb2+ 20. Kxb2 d4 21.
Rde1 Ng7 22. Qf2 c5 23. f5 gxf5 24. exf5 exf5 25. Nc6 Qxg5 26. Nxd8 Rxd8 27.
Re5 Qf6 28. Rxc5+ Kb8 29. Qf4+ Ka8 30. Qc7 Ne6 31. Qe5 Qe7 32. Rc4 f4 33. Rxf4
Qf8 34. Rf1 Bc6 35. Be4 Bxe4 36. Qxe4 a6 37. Qf5 d3 38. Qxf7 Qxf7 39. Rxf7 dxc2
40. Rxc2 {irreproduible} 1/2-1/2

[Event "Ct. Lleida indiv. Absolut"]
[Site "Lleida"]
[Date "2013.10.27"]
[Round "4"]
[White "Palau Cabases, A."]
[Black "Pera Lucas, E."]
[Result "0-1"]
[WhiteElo "1961"]
[BlackElo "1934"]
[PlyCount "62"]
[EventDate "2013.??.??"]
[EventType "swiss"]
[EventRounds "9"]

1. e4 e5 2. Nf3 Nc6 3. Bb5 a6 4. Ba4 Nf6 5. O-O Be7 6. Re1 b5 7. Bb3 O-O 8. h3
d6 9. d3 Na5 10. Nbd2 Nxb3 11. axb3 c5 12. c4 b4 13. Nf1 Ne8 14. Ne3 Nc7 15.
Nh2 g6 16. Nhg4 Bg5 17. Qf3 f5 18. exf5 gxf5 19. Nh2 Ra7 20. Qh5 Ne6 21. h4
Bxe3 22. fxe3 Rg7 23. Rf1 Bb7 24. e4 f4 25. Ng4 Rg6 26. Nh6+ Kh8 27. Nf5 Rfg8
28. Rf2 Ng7 29. Nxg7 R8xg7 30. Kf1 Rg4 31. Ke2 Rxh4 0-1

[Event "Ct. Lleida indiv. Absolut"]
[Site "Lleida"]
[Date "2013.10.27"]
[Round "4"]
[White "Parramon Guillaumet, J."]
[Black "Cosialls Baz, D."]
[Result "1-0"]
[WhiteElo "1942"]
[BlackElo "1690"]
[PlyCount "91"]
[EventDate "2013.??.??"]
[EventType "swiss"]
[EventRounds "9"]

1. e4 e5 2. Nf3 Nc6 3. d4 exd4 4. Nxd4 Nf6 5. Nxc6 bxc6 6. Bd3 Bc5 7. O-O O-O
8. Bg5 h6 9. Bh4 Re8 10. Re1 d6 11. Nd2 Rb8 12. Nb3 Bb6 13. e5 dxe5 14. Rxe5
Qd6 15. Rxe8+ Nxe8 16. Qe2 Qe6 17. Re1 Qxe2 18. Rxe2 Be6 19. Kf1 Nd6 20. Bg3
Nc4 21. Rxe6 fxe6 22. Bxc4 Kf7 23. Ke2 Rd8 24. Be5 Rd7 25. a4 a5 26. Bc3 Rd8
27. Nxa5 Ra8 28. Nxc6 Rxa4 29. b3 Ra2 30. Bd3 h5 31. Ne5+ Ke7 32. Ng6+ Kf7 33.
Nf4 h4 34. Bg6+ Ke7 35. Bxg7 Ra5 36. Be4 Kf7 37. Bc3 Rg5 38. g3 hxg3 39. hxg3
e5 40. Nd5 Ke6 41. Nxb6 cxb6 42. Bd2 Rg8 43. Be3 Rb8 44. Kd3 b5 45. Kc3 Kd6 46.
Kb4 1-0

[Event "Ct. Lleida indiv. Absolut"]
[Site "Lleida"]
[Date "2013.10.27"]
[Round "4"]
[White "Ramon Solans, A."]
[Black "Farre Regada, J."]
[Result "1-0"]
[WhiteElo "2310"]
[BlackElo "1878"]
[PlyCount "43"]
[EventDate "2013.??.??"]
[EventType "swiss"]
[EventRounds "9"]

1. d4 Nf6 2. c4 g6 3. Nc3 d5 4. e3 Bg7 5. Nf3 O-O 6. Bd3 Re8 7. O-O Bg4 8. Qb3
Bxf3 9. gxf3 Qc8 10. cxd5 Nbd7 11. Rd1 Nb6 12. Bf1 Qf5 13. Bg2 a6 14. e4 Qd7
15. Be3 Rad8 16. Rac1 Nh5 17. Ne2 Qd6 18. Rc2 Rc8 19. Rdc1 h6 20. Bh3 f5 21.
Rc5 Nd7 22. Rxc7 1-0

[Event "Ct. Lleida indiv. Absolut"]
[Site "Lleida"]
[Date "2013.10.27"]
[Round "4"]
[White "Solani Nuñez, J."]
[Black "Monfa Sole, R."]
[Result "0-1"]
[WhiteElo "1680"]
[BlackElo "2008"]
[PlyCount "58"]
[EventDate "2013.??.??"]
[EventType "swiss"]
[EventRounds "9"]

1. e4 c6 2. Nf3 d6 3. d4 Na6 4. c3 Nc7 5. Bf4 Nf6 6. Nbd2 g6 7. Bd3 Bg7 8. O-O
O-O 9. h3 b5 10. Nb3 a6 11. e5 Nfd5 12. Bg3 a5 13. Re1 Nb6 14. exd6 exd6 15.
Nbd2 f5 16. Nf1 Be6 17. Qd2 Nbd5 18. Re2 Qd7 19. Bf4 Rae8 20. Bh6 Rf7 21. Bxg7
Kxg7 22. Rae1 h6 23. Ne3 Nf4 24. Nxf5+ Bxf5 25. Rxe8 Nxd3 26. Rh8 Kxh8 27.
Qxh6+ Kg8 28. Ng5 Nxe1 29. Nxf7 Qxf7 0-1

[Event "Ct. Lleida indiv. Absolut"]
[Site "Lleida"]
[Date "2013.10.27"]
[Round "4"]
[White "Sole Castañe, J."]
[Black "Alba Tarradelles, J."]
[Result "1/2-1/2"]
[WhiteElo "1665"]
[BlackElo "1888"]
[PlyCount "135"]
[EventDate "2013.??.??"]
[EventType "swiss"]
[EventRounds "9"]

1. d4 Nf6 2. c4 e6 3. Nf3 d5 4. cxd5 exd5 5. Bg5 Nbd7 6. e3 h6 7. Bh4 c6 8. Bd3
Qa5+ 9. Nbd2 Bd6 10. O-O Nf8 11. Qc2 Bg4 12. a3 Qc7 13. Bg3 h5 14. Bxd6 Qxd6
15. h3 N8d7 16. Qb3 O-O-O 17. Qa4 Bxf3 18. Nxf3 Kb8 19. Rab1 Ne4 20. Qc2 f5 21.
b4 g5 22. Bxe4 fxe4 23. Nxg5 Rhg8 24. h4 Nf6 25. f4 exf3 26. Rxf3 Ng4 27. g3
Rdf8 28. Rbf1 Re8 29. Qd3 Rgf8 30. Kg2 Rxf3 31. Rxf3 Qe7 32. Rf7 Qxe3 33. Qxe3
Rxe3 34. Rf3 a5 35. Rxe3 Nxe3+ 36. Kf3 axb4 37. axb4 Nc2 38. g4 Nxd4+ 39. Kf4
Ne2+ 40. Kf3 Nd4+ 41. Kf4 hxg4 42. h5 g3 43. Kxg3 Nf5+ 44. Kf4 Nh6 45. Ne6 Kc8
46. Kg5 Ng8 47. h6 Nxh6 48. Kxh6 Kd7 49. Nc5+ Kc7 50. Kg5 Kb6 51. Kf4 Kb5 52.
Nd3 Kc4 53. Ke3 d4+ 54. Kd2 b6 55. Ne5+ Kxb4 56. Nxc6+ Kc4 57. Ne5+ Kd5 58. Nd3
b5 59. Nb4+ Kc4 60. Nc6 Kc5 61. Ne5 b4 62. Nd3+ Kc4 63. Nxb4 Kxb4 64. Kd3 Kc5
65. Kd2 Kc4 66. Kc2 d3+ 67. Kd2 Kd4 68. Kd1 1/2-1/2

[Event "Ct. Lleida indiv. Absolut"]
[Site "Lleida"]
[Date "2013.10.27"]
[Round "4"]
[White "Sole Pijuan, F."]
[Black "Gimeno Gimeno, JC."]
[Result "1-0"]
[WhiteElo "1805"]
[BlackElo "1746"]
[PlyCount "137"]
[EventDate "2013.??.??"]
[EventType "swiss"]
[EventRounds "9"]

1. d4 c5 2. d5 e5 3. dxe6 fxe6 4. e4 Nf6 5. e5 Nd5 6. Bd3 g6 7. Qg4 Rg8 8. c3
Nc6 9. Nf3 d6 10. Bb5 h5 11. Bxc6+ bxc6 12. Qe4 Bd7 13. Na3 Be7 14. Nc4 dxe5
15. Ncxe5 Nf6 16. Qd3 c4 17. Nxc4 Bc8 18. Qxd8+ Bxd8 19. Nce5 Bb7 20. O-O Ng4
21. Nxg4 hxg4 22. Ne5 Bc7 23. Nxg4 O-O-O 24. Be3 Rd7 25. Nf6 Bxh2+ 26. Kxh2
Rh8+ 27. Kg1 Rf7 28. Ng4 Rf5 29. f3 Rh4 30. Bf2 Rh8 31. Bg3 Rfh5 32. Kf2 Rd8
33. Rad1 Rhd5 34. Ke2 Ba6+ 35. Kf2 Bxf1 36. Rxd5 Rxd5 37. Kxf1 Rd2 38. b4 Rc2
39. Be5 Rxa2 40. Bf6 Kd7 41. Ne5+ Kd6 42. Nxg6 Kd5 43. Nf4+ Kd6 44. Ne2 e5 45.
Kf2 Ke6 46. Bh4 Kd5 47. Ke3 c5 48. bxc5 a5 49. g4 a4 50. Be7 Kc6 51. g5 a3 52.
g6 Rxe2+ 53. Kxe2 a2 54. g7 a1=Q 55. g8=Q Qb2+ 56. Kf1 Qc1+ 57. Kg2 Qd2+ 58.
Kh3 Qd7+ 59. Qg4 Qxe7 60. Qa4+ Kd5 61. Qe4+ Ke6 62. Qg6+ Kd5 63. Qd6+ Qxd6 64.
cxd6 Kxd6 65. Kg4 Kd5 66. Kf5 Kd6 67. c4 Kc5 68. Kxe5 Kxc4 69. f4 1-0

[Event "Ct. Lleida indiv. Absolut"]
[Site "Lleida"]
[Date "2013.10.27"]
[Round "4"]
[White "Torrelles Hornos, R."]
[Black "Nieto Badia, P."]
[Result "1-0"]
[WhiteElo "1818"]
[BlackElo "1633"]
[PlyCount "61"]
[EventDate "2013.??.??"]
[EventType "swiss"]
[EventRounds "9"]

1. d4 f5 2. g3 g6 3. Bg2 Bg7 4. Bf4 d6 5. c3 c6 6. Nf3 Nf6 7. Nbd2 Nh5 8. Be3
Qb6 9. Qc2 Qc7 10. Ng5 h6 11. Nh3 O-O 12. g4 fxg4 13. Qxg6 gxh3 14. Bxh6 Rf6
15. Qxh5 hxg2 16. Rg1 Rxh6 17. Qe8+ Kh7 18. Rxg2 Qd7 19. Qf7 Qg4 20. Rxg4 Bxg4
21. O-O-O Nd7 22. Rg1 Rg6 23. Rxg4 Rxg4 24. Qh5+ Kg8 25. Qxg4 Nf6 26. Qe6+ Kf8
27. Nf3 Ke8 28. Kc2 Bh6 29. Nh4 Kd8 30. Ng6 Nd5 31. Qg8+ 1-0

[Event "Ct. Lleida indiv. Absolut"]
[Site "Lleida"]
[Date "2013.10.27"]
[Round "4"]
[White "Urpi Torrents, R."]
[Black "Blanch Plana, JR."]
[Result "0-1"]
[WhiteElo "2055"]
[BlackElo "1729"]
[PlyCount "114"]
[EventDate "2013.??.??"]
[EventType "swiss"]
[EventRounds "9"]

1. Nf3 d5 2. c4 e6 3. d4 f5 4. g3 c6 5. Bg2 Nf6 6. O-O Bd6 7. b3 Qe7 8. Bb2 O-O
9. e3 Nbd7 10. Nc3 Ne4 11. Ne2 Ndf6 12. Ne5 Ng5 13. Nf4 Bd7 14. Nfd3 Be8 15.
Rc1 Bh5 16. f3 Rad8 17. Nf4 Be8 18. Qe2 Nf7 19. Rfd1 Nd7 20. Nfd3 Qf6 21. f4
Qe7 22. c5 Bb8 23. b4 Nf6 24. Bc3 Ne4 25. Be1 g5 26. Kh1 Kh8 27. Nf2 Qf6 28.
Nxe4 fxe4 29. a4 Nh6 30. b5 Rg8 31. bxc6 bxc6 32. Rb1 gxf4 33. gxf4 Qf5 34. Qf1
Bxe5 35. fxe5 Qxf1+ 36. Bxf1 Bh5 37. Rd2 Nf5 38. Rb3 Rg7 39. Be2 Rdg8 40. Bf2
Bf3+ 41. Bxf3 exf3 42. Rb1 Rg2 43. Rg1 R8g6 44. Rxg2 Rxg2 45. Be1 Nxe3 46. Rxg2
fxg2+ 47. Kg1 Kg7 48. Bf2 Nc4 49. Kxg2 Kg6 50. Kf3 Kf5 51. Be1 h5 52. Bc3 a6
53. Be1 Nb2 54. a5 Nc4 55. Bc3 Na3 56. Bb4 Nb5 57. Ke3 Kg4 0-1

[Event "Ct. Lleida indiv. Absolut"]
[Site "Lleida"]
[Date "2013.10.27"]
[Round "4"]
[White "Villa Gimenez, C."]
[Black "Cabestany Serra, X."]
[Result "1-0"]
[WhiteElo "1954"]
[BlackElo "1695"]
[PlyCount "35"]
[EventDate "2013.??.??"]
[EventType "swiss"]
[EventRounds "9"]

1. d4 d5 2. c4 e6 3. Nc3 Nf6 4. cxd5 exd5 5. Bg5 Bb4 6. Qc2 c6 7. e3 Qa5 8.
Bxf6 Bxc3+ 9. bxc3 gxf6 10. Bd3 c5 11. Ne2 h5 12. O-O Rg8 13. Nf4 Nc6 14. Nxd5
Qd8 15. Nf4 Rxg2+ 16. Kxg2 Ke7 17. Bf5 h4 18. Qe4+ 1-0

[Event "Ct. Lleida indiv. Absolut"]
[Site "Lleida"]
[Date "2013.11.03"]
[Round "5"]
[White "Alba Tarradelles, J."]
[Black "Farre Morell, A."]
[Result "1/2-1/2"]
[WhiteElo "1888"]
[BlackElo "1738"]
[PlyCount "137"]
[EventDate "2013.??.??"]
[EventType "swiss"]
[EventRounds "9"]

1. d4 Nf6 2. c4 g6 3. Nc3 Bg7 4. e4 d6 5. Be2 O-O 6. Bg5 c6 7. Qd2 e5 8. d5 Qa5
9. O-O-O cxd5 10. Bxf6 Bxf6 11. Nxd5 Qxd2+ 12. Rxd2 Bd8 13. Nf3 Bg4 14. h3 Bxf3
15. gxf3 Nc6 16. Rg1 Nd4 17. f4 Rc8 18. b3 b5 19. fxe5 dxe5 20. f4 bxc4 21.
fxe5 cxb3+ 22. Kb1 Nxe2 23. Rxe2 bxa2+ 24. Kxa2 Rc6 25. Rf1 Bg5 26. Rg1 Ra6+
27. Kb3 Rb8+ 28. Kc4 Rc6+ 29. Kd4 Bd8 30. Rf1 Ra6 31. Ref2 Rb7 32. Nf6+ Kg7 33.
Ne8+ Kf8 34. Nd6 Bb6+ 35. Kd3 Ra3+ 36. Kd2 Ba5+ 37. Kc2 Ra2+ 38. Kc1 Ra1+ 39.
Kc2 Ra2+ 40. Kc1 Rc7+ 41. Kb1 Rxf2 42. Rxf2 Bc3 43. e6 f6 44. Ra2 Ke7 45. Nb5
Rb7 46. Rxa7 Rxa7 47. Nxa7 Kxe6 48. Kc2 Be1 49. Kd3 Ba5 50. Nc6 Bb6 51. Ke2 Kd6
52. Nb4 Ke5 53. Kf3 h5 54. Nd3+ Ke6 55. Nf4+ Kf7 56. Nd5 Ba7 57. Kf4 Bb8+ 58.
Kf3 Ke6 59. Nb4 Bd6 60. Nd5 f5 61. exf5+ Kxd5 62. fxg6 Ke6 63. h4 Kf6 64. Kg2
Kxg6 65. Kh1 Bg3 66. Kg2 Bxh4 67. Kh2 Kf5 68. Kg2 Kg4 69. Kh2 1/2-1/2

[Event "Ct. Lleida indiv. Absolut"]
[Site "Lleida"]
[Date "2013.11.03"]
[Round "5"]
[White "Arno Bendicho, A."]
[Black "Arnillas Moles, J."]
[Result "0-1"]
[WhiteElo "1927"]
[BlackElo "1797"]
[PlyCount "74"]
[EventDate "2013.??.??"]
[EventType "swiss"]
[EventRounds "9"]

1. d4 Nf6 2. Nf3 g6 3. c4 Bg7 4. Nc3 d6 5. e4 O-O 6. Be2 e5 7. O-O Nc6 8. d5
Ne7 9. Ne1 Ne8 10. Be3 f5 11. f3 f4 12. Bf2 g5 13. b4 h5 14. Rc1 Nf6 15. c5 Ng6
16. cxd6 cxd6 17. Nb5 Rf7 18. Qc2 Ne8 19. Nxa7 Bd7 20. b5 g4 21. b6 g3 22. hxg3
fxg3 23. Bxg3 Qg5 24. Bf2 Bh6 25. Rb1 Rg7 26. Kh1 Nf4 27. Rg1 h4 28. Bf1 Nh5
29. Nd3 Ng3+ 30. Kh2 Qh5 31. Qd1 Nf6 32. a4 Kf7 33. a5 Rh8 34. a6 Bf4 35. Nxf4
exf4 36. e5 dxe5 37. d6 h3 0-1

[Event "Ct. Lleida indiv. Absolut"]
[Site "Lleida"]
[Date "2013.11.03"]
[Round "5"]
[White "Blanch Plana, JR."]
[Black "Parramon Guillaumet, J."]
[Result "1/2-1/2"]
[WhiteElo "1729"]
[BlackElo "1942"]
[PlyCount "149"]
[EventDate "2013.??.??"]
[EventType "swiss"]
[EventRounds "9"]

1. d4 d5 2. c4 e5 3. dxe5 d4 4. a3 Nc6 5. Nf3 Nge7 6. Bg5 Be6 7. Nbd2 Qd7 8.
Qa4 Ng6 9. Rd1 h6 10. Bh4 Nxh4 11. Nxh4 Nxe5 12. Qxd7+ Nxd7 13. g3 O-O-O 14.
Bg2 Ne5 15. Nhf3 Nxc4 16. Nxc4 Bxc4 17. Rxd4 Rxd4 18. Nxd4 Bc5 19. Nf3 Re8 20.
e3 Re7 21. Kd2 Rd7+ 22. Kc2 Be6 23. Ne5 Rd8 24. Re1 Be7 25. Bf1 Bf6 26. Nd3 c6
27. e4 g5 28. e5 Be7 29. Bg2 Kc7 30. f4 gxf4 31. gxf4 Rg8 32. Be4 Bc4 33. Re2
a5 34. Bf5 Bd5 35. Bh3 a4 36. f5 b6 37. f6 Bf8 38. Nf4 Bb3+ 39. Kc3 Rg1 40. e6
Rc1+ 41. Kd3 Rd1+ 42. Ke4 fxe6 43. Nxe6+ Bxe6 44. Bxe6 Kd6 45. Kf5 Rg1 46. Bc8
Rg5+ 47. Kf4 Kc5 48. Bf5 Bd6+ 49. Ke4 Rh5 50. h3 Rg5 51. Bd7 Re5+ 52. Kd3 Rxe2
53. Kxe2 Be5 54. f7 Bg7 55. Kd3 Kd6 56. Be8 Bf8 57. Kc2 Kc5 58. Bd7 Kd6 59. Be8
Kc5 60. Bd7 b5 61. Bg4 Kd6 62. Kd2 Ke7 63. Bh5 Bg7 64. Kc2 c5 65. b3 axb3+ 66.
Kxb3 Kd6 67. a4 c4+ 68. Kb4 c3 69. Bg6 bxa4 70. Kxa4 Kc5 71. Kb3 Kd4 72. Kc2
Kc4 73. Bf5 Bf8 74. Be6+ Kd4 75. Bg4 1/2-1/2

[Event "Ct. Lleida indiv. Absolut"]
[Site "Lleida"]
[Date "2013.11.03"]
[Round "5"]
[White "Bonet Verdu, M."]
[Black "Lara Dieguez, F."]
[Result "0-1"]
[WhiteElo "1779"]
[BlackElo "1926"]
[PlyCount "70"]
[EventDate "2013.??.??"]
[EventType "swiss"]
[EventRounds "9"]

1. e4 e6 2. d4 d5 3. e5 c5 4. c3 Nc6 5. Nf3 Qb6 6. Bd3 cxd4 7. cxd4 Bd7 8. O-O
Nxd4 9. Nxd4 Qxd4 10. Nc3 a6 11. Qe2 Qb6 12. Kh1 Ne7 13. f4 Nc6 14. f5 O-O-O
15. Bd2 Be7 16. a3 Qc7 17. b4 Qxe5 18. Qd1 Qd4 19. Qc2 Kb8 20. b5 Ne5 21. Be2
a5 22. Rf4 Qc5 23. Ra4 b6 24. Qb3 Rc8 25. Rc1 Nc4 26. Be1 Bf6 27. Nxd5 exd5 28.
Bxa5 bxa5 29. Rxa5 Rhe8 30. Bf1 Qe3 31. Ra8+ Kxa8 32. Qa4+ Qa7 33. Qd1 Qb7 34.
Qa4+ Kb8 35. Qd1 Ne3 0-1

[Event "Ct. Lleida indiv. Absolut"]
[Site "Lleida"]
[Date "2013.11.03"]
[Round "5"]
[White "Cardona Marin, W."]
[Black "Sole Castañe, J."]
[Result "1-0"]
[WhiteElo "1817"]
[BlackElo "1665"]
[PlyCount "79"]
[EventDate "2013.??.??"]
[EventType "swiss"]
[EventRounds "9"]

1. e4 e5 2. Nf3 Nc6 3. Bb5 a6 4. Bxc6 dxc6 5. O-O Bd6 6. d4 exd4 7. Qxd4 f6 8.
Re1 Bxh2+ 9. Kxh2 Qxd4 10. Nxd4 Ne7 11. Bf4 c5 12. Nf5 Nxf5 13. exf5+ Kf7 14.
Bxc7 Bxf5 15. Na3 b5 16. c3 Rhe8 17. Bd6 c4 18. b3 cxb3 19. axb3 Rad8 20. Bf4
Rxe1 21. Rxe1 Rd3 22. Re3 Rd1 23. b4 Kg6 24. f3 h5 25. Bg3 Rc1 26. Bd6 Rd1 27.
Bc5 Rd3 28. c4 Rxe3 29. Bxe3 bxc4 30. Nxc4 Bd3 31. Nd6 f5 32. Bd4 Kh7 33. f4 g6
34. Kg3 Kh6 35. Kh4 Bf1 36. g3 Bd3 37. Nf7+ Kh7 38. Kg5 Bb5 39. Kf6 Be8 40. Ke7
{irreproduible} 1-0

[Event "Ct. Lleida indiv. Absolut"]
[Site "Lleida"]
[Date "2013.11.03"]
[Round "5"]
[White "Farre Regada, J."]
[Black "Villa Gimenez, C."]
[Result "1-0"]
[WhiteElo "1878"]
[BlackElo "1954"]
[PlyCount "131"]
[EventDate "2013.??.??"]
[EventType "swiss"]
[EventRounds "9"]

1. e4 e6 2. d4 d5 3. Nc3 Bb4 4. e5 c5 5. Bd2 Ne7 6. a3 Ba5 7. dxc5 Bxc3 8. Bxc3
Nbc6 9. Ne2 Nf5 10. Nd4 Nfxd4 11. Bxd4 Qh4 12. c3 O-O 13. Qd3 Bd7 14. Be2 f6
15. exf6 gxf6 16. Qg3+ Qxg3 17. hxg3 e5 18. Be3 Ne7 19. O-O-O Bc6 20. Bf3 Rad8
21. Rh5 Be8 22. Rh2 Bg6 23. Bh5 Nf5 24. Bxg6 hxg6 25. Rdh1 Nxe3 26. fxe3 Kf7
27. Rh7+ Ke6 28. Rxb7 Kf5 29. Rg7 d4 30. exd4 exd4 31. Rf1+ Kg5 32. Rf3 Rd5 33.
cxd4 Rxd4 34. Rc3 Rfd8 35. b4 Rd1+ 36. Kc2 R1d2+ 37. Kb3 Rxg2 38. c6 Kf5 39. c7
Rc8 40. Rd7 g5 41. Rd8 Rxc7 42. Rxc7 Rxg3+ 43. Kc4 Rxa3 44. Rc6 Rf3 45. Rf8 Kg6
46. Kd4 g4 47. Ke4 Kg5 48. Rg8+ Kh4 49. Rc1 f5+ 50. Ke5 Kg3 51. Rg5 Rb3 52. Rc4
Kh3 53. Rh5+ Kg2 54. Kxf5 g3 55. Rf4 Kg1 56. Kg4 g2 57. Re5 Kh1 58. Rh5+ Kg1
59. Kf5 Ra3 60. Ke6 Ra1 61. Kd6 Rc1 62. b5 Rc2 63. Rc5 Ra2 64. Kc6 Kh2 65. Rg4
g1=Q 66. Rh5# 1-0

[Event "Ct. Lleida indiv. Absolut"]
[Site "Lleida"]
[Date "2013.11.03"]
[Round "5"]
[White "Llavall Sans, D."]
[Black "Farre Selma, D."]
[Result "1-0"]
[WhiteElo "2098"]
[BlackElo "1882"]
[PlyCount "105"]
[EventDate "2013.??.??"]
[EventType "swiss"]
[EventRounds "9"]

1. c4 c6 2. g3 d5 3. Bg2 Nf6 4. Qc2 Na6 5. a3 g6 6. Nf3 Bg7 7. d3 O-O 8. O-O
Bf5 9. h3 Qc8 10. Kh2 dxc4 11. Qxc4 h6 12. Nbd2 Be6 13. Qc2 Rd8 14. Nc4 Nc5 15.
Be3 Ncd7 16. Rac1 Nd5 17. Bd4 N7f6 18. e4 Nc7 19. Bc5 Kf8 20. Nce5 Nd7 21.
Nxd7+ Qxd7 22. Rfd1 Nb5 23. Be3 h5 24. d4 Rac8 25. a4 Nd6 26. b3 Ne8 27. Ng5
Nc7 28. Bf1 Kg8 29. b4 a6 30. Qc3 Na8 31. h4 Nb6 32. a5 Na8 33. Nxe6 fxe6 34.
Bh3 Nc7 35. Qb3 Rf8 36. d5 cxd5 37. exd5 Kh7 38. dxe6 Qb5 39. Rc5 Qe2 40. Qd3
Qf3 41. Bg2 Qg4 42. Bh3 Qf3 43. Rdc1 Rcd8 44. Qc2 Nb5 45. Bg2 Qg4 46. Rg5 Qxe6
47. Rxh5+ Kg8 48. Rg5 Kh7 49. Be4 Rf6 50. h5 Na3 51. hxg6+ Kg8 52. Qc7 Qd6 53.
Bd5+ 1-0

[Event "Ct. Lleida indiv. Absolut"]
[Site "Lleida"]
[Date "2013.11.03"]
[Round "5"]
[White "Monfa Sole, R."]
[Black "Sole Pijuan, F."]
[Result "1/2-1/2"]
[WhiteElo "2008"]
[BlackElo "1805"]
[PlyCount "139"]
[EventDate "2013.??.??"]
[EventType "swiss"]
[EventRounds "9"]

1. d3 d5 2. a3 Nf6 3. Nf3 e6 4. Nbd2 c5 5. e4 Nc6 6. Be2 dxe4 7. dxe4 Be7 8. c3
a6 9. O-O O-O 10. Qc2 Qc7 11. g3 e5 12. Nc4 Be6 13. Ne3 Rfd8 14. Ng5 Rd6 15. f4
h6 16. Nxe6 Rxe6 17. Bc4 Rd6 18. Bd5 Rd7 19. Qb3 Bd6 20. Nc4 Na5 21. Nxa5 Qxa5
22. c4 Qd8 23. Bd2 Qe7 24. Rae1 Rb8 25. Qf3 b5 26. b3 b4 27. a4 Rf8 28. h3 a5
29. Kg2 Kh7 30. Bc1 Kh8 31. Bb2 Kg8 32. Re2 Kh8 33. Rfe1 Kg8 34. g4 Kh8 35. g5
hxg5 36. fxg5 Nh7 37. h4 g6 38. Qg3 Rc7 39. Rf2 Kg7 40. Ref1 Qe8 41. Bc1 Ra7
42. Be3 Rb7 43. Rf3 Ra7 44. Qf2 Rc7 45. Rf6 Qe7 46. Qf3 Ra7 47. h5 Qd7 48. Qf2
Qg4+ 49. Qg3 Qxg3+ 50. Kxg3 Nxf6 51. h6+ Kh7 52. Rxf6 Rd7 53. Kg4 Be7 54. Rc6
Bd6 55. Bxc5 Bxc5 56. Rxc5 Ra7 57. Rc6 f5+ 58. gxf6 Kxh6 59. Re6 Raf7 60. Rxe5
Rxf6 61. c5 Rf4+ 62. Kg3 Rf3+ 63. Kg2 Rf2+ 64. Kg1 Rf1+ 65. Kg2 R8f2+ 66. Kg3
Rf3+ 67. Kg2 R1f2+ 68. Kg1 Rf1+ 69. Kg2 R1f2+ 70. Kg1 1/2-1/2

[Event "Ct. Lleida indiv. Absolut"]
[Site "Lleida"]
[Date "2013.11.03"]
[Round "5"]
[White "Pareja Guerrero, FJ."]
[Black "Degracia Burgues, JA."]
[Result "1-0"]
[WhiteElo "1683"]
[BlackElo "1869"]
[PlyCount "79"]
[EventDate "2013.??.??"]
[EventType "swiss"]
[EventRounds "9"]

1. d4 e6 2. Nf3 b6 3. e3 f5 4. Bd3 Nf6 5. O-O Bb7 6. b3 Be7 7. Bb2 O-O 8. c4
Na6 9. a3 c5 10. Nc3 cxd4 11. exd4 Ne4 12. Re1 Ng5 13. d5 Nc5 14. Bc2 Rc8 15.
Nd4 Nce4 16. Nxe4 fxe4 17. h4 Nf3+ 18. gxf3 exd5 19. cxd5 exf3 20. Be4 Bxh4 21.
Nxf3 Rf4 22. Nxh4 Qxh4 23. Qe2 Ba6 24. Qe3 Rcf8 25. Bxg7 Rxf2 26. Be5 Qg4+ 27.
Qg3 Qxg3+ 28. Bxg3 Rb2 29. d6 Rc8 30. Bd5+ Kf8 31. Re7 Rcc2 32. Rf7+ Ke8 33.
Re1+ Be2 34. Bh4 Rd2 35. Bc4 b5 36. Re7+ Kf8 37. Bxe2 Rxd6 38. Rf1+ Kg8 39. Bf6
h5 40. Bxb2 1-0

[Event "Ct. Lleida indiv. Absolut"]
[Site "Lleida"]
[Date "2013.11.03"]
[Round "5"]
[White "Pera Lucas, E."]
[Black "Gutierrez Martos, FE."]
[Result "1-0"]
[WhiteElo "1934"]
[BlackElo "2026"]
[PlyCount "45"]
[EventDate "2013.??.??"]
[EventType "swiss"]
[EventRounds "9"]

1. e4 e5 2. Nf3 Nf6 3. Nxe5 d6 4. Nf3 Nxe4 5. Nc3 Nxc3 6. dxc3 Be7 7. Bd3 Nc6
8. Be3 Be6 9. Qe2 h6 10. O-O-O Qd7 11. Bb5 a6 12. Ne5 dxe5 13. Rxd7 Bxd7 14.
Bc4 Na5 15. Bd3 Be6 16. f4 Bxa2 17. Qg4 e4 18. Bxe4 Nc4 19. Re1 Nxe3 20. Rxe3
O-O 21. Rg3 g6 22. Bxg6 Be6 23. Bf5+ 1-0